00302 a2200097 4500001001000000005001700010008004100027245006300068100002000131773005300151ART_4050620260410161741.0260409a 10aEl encuadre sindical y el caso de los estudios jurídicos1 aSlavin, Luis P.0 tDoctrina laboralg- Nº 331 (mar. 2013)wREV4049